| 000 | 00938pam a2200277 a 4500 | ||
|---|---|---|---|
| 001 | 015791209 | ||
| 003 | Uk | ||
| 005 | 20121008153814.0 | ||
| 008 | 110407s2012 enka b 001 0 eng d | ||
| 020 | _a013217068X (pbk.) : | ||
| 020 | _a9780132170680 (pbk.) : | ||
| 082 | 0 | 4 |
_a615.1 _223 _bHOL |
| 100 | 1 |
_aHolland, Leland Norman, _d1957- _912592 |
|
| 245 | 1 | 0 |
_aCore Concepts in Pharmacology / _cLeland Norman Holland, Michael Patrick Adams ; nursing consultant, Jeanine Brice. |
| 250 | _a3rd ed. | ||
| 260 |
_aUpper Saddle River, N.J. : _bPearson Education, _cc2012. |
||
| 300 |
_axxii, 711 p. : _bcol. ill. ; _c28 cm. |
||
| 500 | _aInternational ed. | ||
| 500 |
_aFormerly CIP. _5Uk |
||
| 504 | _aIncludes bibliographical references and index. | ||
| 650 | 0 |
_aPharmacology _vTextbooks. _930349 |
|
| 653 |
_bPharmacy _cOctober2012 |
||
| 700 | 1 |
_aAdams, Michael, _d1951- _912589 |
|
| 700 | 1 |
_aBrice, Jeanine. _931092 |
|
| 942 |
_2ddc _cBB |
||
| 999 |
_c17065 _d17037 |
||